000
00252nam a2200097Ia 4500
001
806519
005
20250826171213.0
008
250824s9999 xx 000 0 und d
245
0
_a
KİMİ TERK ETTİYSEM UNUTMADI
_c
SERDAR OĞUZ
260
_b
DESTEK YAYINLARI
999
_c
806519
_d
806519